| 000 | 00851nam a2200301Ia 4500 | ||
|---|---|---|---|
| 003 | OSt | ||
| 005 | 20220912144701.0 | ||
| 006 | a|||||r|||| 00| 0 | ||
| 007 | ta | ||
| 008 | 220909b |||||||| |||| 00| 0 eng d | ||
| 020 | _aSL0700843 | ||
| 024 | _a164759 | ||
| 037 | _cTextual | ||
| 040 |
_aCSL _beng _cCSL |
||
| 041 | _aeng | ||
| 082 | _aL12f, L4;25 | ||
| 100 | _aFlore DI Atlas of Human Histology | ||
| 245 | 0 | _aAtlas of Human Histology; Atlas of Human Histology | |
| 250 | _a4th | ||
| 260 |
_aPhiladelphia _bLea & Febiger _c1974 |
||
| 300 | _axii252p. | ||
| 500 | _aIndex 243-252p. | ||
| 650 | _aAtlas | ||
| 700 | _aFlore DI Atlas of Human Histology | ||
| 942 |
_hL12f, L4;25 _cTEXL _2CC |
||
| 999 |
_c15685 _d15685 |
||